Catalog

Record Details

Catalog Search



Hovory s T.G. Masarykem  Cover Image Book Book

Hovory s T.G. Masarykem / Karel Čapek ; [sestavil a doslov napsal Miloš Pohorský]

Čapek, Karel, 1890-1938 (Author). Pohorský, Miloš, 1929-2013 (Compiler, Author of afterword, colophon, etc.).

Record details

  • ISBN: 80-202-0170-X
  • Physical Description: 588 s., [16] s. obr. příl. : il., portréty ; 20 cm
  • Edition: 1., souborné vyd.
  • Publisher: Praha : Československý spisovatel, 1990

Content descriptions

General Note:
Terminologický slovník
250000 výt.
Bibliography, etc. Note:
Obsahuje bibliografické odkazy a rejstřík
Formatted Contents Note:
Jedinec a dějiny
Subject: Masaryk, Tomáš Garrigue, 1850-1937
Čapek, Karel, 1890-1938
Genre: rozhovory

Available copies

  • 3 of 3 copies available at Common Catalog SPOK.

Holds

  • 0 current holds with 3 total copies.
Show Only Available Copies
Location Call Number / Copy Notes Barcode Shelving Location Status Due Date
Hospic Dobrého Pastýře HI
Tematická katagorie: Historie (HI)
2045957007120 Knihovna Available -
Jabok Library BL-1/Ča 424480014904 Beletrie Available -
KDS Library 929 ČaK 204576803221 Library Available -

LDR 01492nam a2200397 a 4500
0013999
003CZ-PrJAB
00520220503122249.0
007ta
008900724s1990 xr acf 001 cze
015 . ‡acnb000055992
020 . ‡a80-202-0170-X ‡q(váz.) : ‡cKčs 49,00
035 . ‡a(CZ PrNK)ck9005966
035 . ‡a(OCoLC)22425337
040 . ‡aABA001 ‡bcze ‡dABA001
080 . ‡a929 Masaryk, T. G. ‡2undef
080 . ‡a929 Čapek, K. ‡2undef
080 . ‡a885.0-83 ‡2undef
1001 . ‡aČapek, Karel, ‡d1890-1938 ‡7jk01021023 ‡4aut
24510. ‡aHovory s T.G. Masarykem / ‡cKarel Čapek ; [sestavil a doslov napsal Miloš Pohorský]
250 . ‡a1., souborné vyd.
260 . ‡aPraha : ‡bČeskoslovenský spisovatel, ‡c1990
300 . ‡a588 s., [16] s. obr. příl. : ‡bil., portréty ; ‡c20 cm
4901 . ‡aSpisy / Karel Čapek ; ‡vsv. 20
500 . ‡aTerminologický slovník
500 . ‡a250000 výt.
504 . ‡aObsahuje bibliografické odkazy a rejstřík
50520. ‡tJedinec a dějiny
60017. ‡aMasaryk, Tomáš Garrigue, ‡d1850-1937 ‡7jk01080472 ‡2czenas
60017. ‡aČapek, Karel, ‡d1890-1938 ‡7jk01021023 ‡2czenas
655 7. ‡arozhovory ‡7fd133303 ‡2czenas
7001 . ‡aPohorský, Miloš, ‡d1929-2013 ‡7jk01100312 ‡4com ‡4aft
8001 . ‡aČapek, Karel, ‡d1890-1938. ‡tSpisy (Československý spisovatel)
910 . ‡aABG312
910 . ‡aABE463
910 . ‡aBNE702
901 . ‡a3999 ‡bUnknown ‡c3999 ‡tbiblio

Additional Resources